Statistics for Midwest States and Capitals

Click here to take the quiz!

General Stats

  • This quiz has been taken 314 times
  • The average score is 10 of 12

Answer Stats

StateCapital City% Correct
OhioColumbus
96%
IndianaIndianapolis
94%
MichiganLansing
88%
IowaDes Moines
86%
MinnesotaSt. Paul
86%
WisconsinMadison
84%
NebraskaLincoln
83%
IllinoisSpringfield
82%
KansasTopeka
82%
North DakotaBismarck
81%
Missouri Jefferson City
80%
South DakotaPierre
78%

Score Distribution

Percentile by Number Answered

Percent of People with Each Score

Your Score History

You have not taken this quiz